Finis ma phrase ! - Moyen - Statistiques

Statistiques générales
  • Ce quiz a été pris 8 fois
  • Le résultat moyen est 6 sur 10
Statistiques - réponses
Question Réponse % Correct
La galaxie la plus proche de la voie lactée est... Andromède
100%
Le pétrole brut... Est surnommé l'or noir
100%
L'Algérie obtient son indépendance en... 1962
88%
Le seul pays africain non colonisé est... Ethiopie
63%
Un To contient .... 1024 Mo
50%
La marque Bugatti... Fabrique ses voitures en Alsace
50%
La première édition des J.O. a eu lieu en... 1896
38%
L'entreprise la plus côtée en bourse en 2025 est... Nvidia
38%
L'eau boue à... 212 °F
25%
La marque AMD... A sorti le 9950X3D2 en 2026
25%
Aucun quiz correspondant
Distribution des résultats
% des personnes avec chaque résultat
Percentile par nombre de réponses
Votre historique - résultats
Vous n’avez pas pris ce quiz